|
|
|
|
| LEADER |
00000nas a2200000 a 4500 |
| 001 |
ssj0000390464 |
| 003 |
WaSeSS |
| 005 |
20200512172242.0 |
| 006 |
m d |
| 007 |
cr n |
| 008 |
020117c20019999bl fr p s 0 0por c |
| 010 |
|
|
|a 2002248023
|
| 022 |
|
|
|l 1519-7050
|y 1519-7050
|
| 035 |
|
|
|a (WaSeSS)ssj0000390464
|
| 040 |
|
|
|a NYP
|b eng
|c NYP
|d DLC
|d HLS
|d CGU
|d OCLCQ
|d OCLCF
|d CUS
|d OCLCO
|d COO
|d OCLCA
|d RDF
|d WaSeSS
|
| 041 |
0 |
|
|a por
|b eng
|b por
|
| 042 |
|
|
|a pcc
|
| 043 |
|
|
|a s-bl---
|
| 050 |
0 |
0 |
|a AS80.A1
|b E854
|
| 082 |
0 |
0 |
|a 001.3/05
|2 21
|
| 245 |
0 |
0 |
|a Ciências sociais UNISINOS
|h [electronic resource] :
|b revista do Programa de Pós-Graduação em Ciências Sociais Aplicadas da Universidade do Vale do Rio Sinos.
|
| 260 |
|
|
|a São Leopoldo, RS :
|b O programa,
|c [2001]-
|
| 310 |
|
|
|a Semiannual
|
| 362 |
0 |
|
|a Vol. 37, no. 158 (2001)-
|
| 506 |
|
|
|a License restrictions may limit access.
|
| 546 |
|
|
|a Text in Portuguese with summaries in English and Portuguese.
|
| 588 |
|
|
|a Latest issue consulted: Vol. 40, no. 165 (julho/dez. 2004).
|
| 650 |
|
0 |
|a Social sciences
|z Brazil
|v Periodicals.
|
| 650 |
|
0 |
|a Social sciences
|v Periodicals.
|
| 650 |
|
7 |
|a Social sciences.
|2 fast
|0 (OCoLC)fst01122877
|
| 651 |
|
7 |
|a Brazil.
|2 fast
|0 (OCoLC)fst01206830
|
| 655 |
|
0 |
|a Electronic journals.
|
| 710 |
2 |
|
|a Universidade do Vale do Rio dos Sinos.
|b Programa de Pós-Graduação em Ciências Sociais Aplicadas.
|
| 780 |
0 |
0 |
|t Estudos leopoldenses. Série ciências humanas
|w (DLC) 98832119
|w (OCoLC)39010892
|
| 850 |
|
|
|a DLC
|
| 853 |
2 |
0 |
|8 2
|a v.
|b no.
|u 2
|v c
|i (year)
|j (month/month)
|w f
|
| 856 |
4 |
0 |
|z Full text available from Research Library: 01/01/2011 to present
|u https://search.proquest.com/publication/2040963
|
| 863 |
4 |
1 |
|8 2.1
|a 37
|b 158
|i 2001
|j 07/12
|